जन्मान्तर-गाथा / (Record no. 114533)

MARC details
000 -LEADER
fixed length control field 00947nam a22002537a 4500
005 - DATE AND TIME OF LATEST TRANSACTION
control field 20170124103010.0
010 ## - LIBRARY OF CONGRESS CONTROL NUMBER
LC control number A-765946
020 ## - INTERNATIONAL STANDARD BOOK NUMBER
Terms of availability 65.00
International Standard Book Number 8185045399
035 ## - SYSTEM CONTROL NUMBER
System control number A-765946
037 ## - SOURCE OF ACQUISITION
Source of stock number/acquisition Cen Lib/Ret
040 ## - CATALOGING SOURCE
Original cataloging agency DPL
Language of cataloging HN
082 ## - DEWEY DECIMAL CLASSIFICATION NUMBER
Classification number
Item number खड़से
100 ## - MAIN ENTRY--PERSONAL NAME
Personal name खड़से, दामोदर
9 (RLIN) 210
245 ## - TITLE STATEMENT
Title जन्मान्तर-गाथा /
Statement of responsibility, etc दामोदर खड़से
246 ## - VARYING FORM OF TITLE
Title proper/short title Janmaantar-gathaa /
Remainder of title by Damodar Khadse
260 ## - PUBLICATION, DISTRIBUTION, ETC. (IMPRINT)
Place of publication, distribution, etc दिल्ली
Name of publisher, distributor, etc दिशा प्रकाशन
Date of publication, distribution, etc 1996
270 ## - ADDRESS
Address 138/16, त्रिनगर
City दिल्ली
Postal code 110030
300 ## - PHYSICAL DESCRIPTION
Extent 129पृ.
Dimensions 17सेमी (सजिल्द)
650 ## - SUBJECT ADDED ENTRY--TOPICAL TERM
Topical term or geographic name as entry element हिन्दी -- साहित्य
9 (RLIN) 57205
650 ## - SUBJECT ADDED ENTRY--TOPICAL TERM
Topical term or geographic name as entry element हिन्दी -- कहानी
9 (RLIN) 779
650 ## - SUBJECT ADDED ENTRY--TOPICAL TERM
Topical term or geographic name as entry element Hindi -- Literature
9 (RLIN) 57206
650 ## - SUBJECT ADDED ENTRY--TOPICAL TERM
Topical term or geographic name as entry element Hindi -- Story
9 (RLIN) 43117
942 ## - ADDED ENTRY ELEMENTS (KOHA)
Source of classification or shelving scheme Dewey Decimal Classification
Koha item type Hindi Books
Classification part
Call number suffix खड़से
Holdings
Withdrawn status Lost status Damaged status Not for loan Home library Current library Date acquired Source of acquisition Cost, normal purchase price Total Checkouts Full call number Barcode Date last seen Copy number Cost, replacement price Price effective from Koha item type
        Central Library Central Library 18/08/2015 Cen Lib/Ret 65.00   क खड़से A-765946 18/08/2015 1 65.00 18/08/2015 Hindi Books
        Central Library Central Library 21/08/2015 Cen Lib/Ret 65.00   क खड़से A-765947 21/08/2015 1 65.00 21/08/2015 Hindi Books

© Delhi Public Library
Hit Counter
free hit counter